| Record ID | ia:startersforthink0000fish |
| Source | Internet Archive |
| Download MARC XML | https://archive.org/download/startersforthink0000fish/startersforthink0000fish_marc.xml |
| Download MARC binary | https://www.archive.org/download/startersforthink0000fish/startersforthink0000fish_meta.mrc |
LEADER: 01522cam 2200397Ma 4500
001 ocn226966311
003 OCoLC
005 20220618214322.0
008 080424s2006 enka b 000 0 eng
040 $aNz$beng$cD3R$dOCLCG$dOCLCF$dOCLCA$dOCLCO$dOCLCA$dOCLCQ$dOCLCO
020 $a1898255482$q(pbk.)
020 $a9781898255482$q(pbk.)
035 $a(OCoLC)226966311
050 4 $aLB1590.3
082 04 $a370.1524
100 1 $aFisher, Robert,$d1943-
245 10 $aStarters for thinking /$cRobert Fisher.
260 $aOxford :$bNash Pollock Publishing,$c©2006.
300 $a75 pages :$billustrations ;$c25 cm
336 $atext$btxt$2rdacontent
337 $aunmediated$bn$2rdamedia
338 $avolume$bnc$2rdacarrier
500 $aErrata slip.
504 $aIncludes bibliographical references.
650 0 $aThought and thinking$xStudy and teaching (Elementary)
650 0 $aCritical thinking in children$xStudy and teaching (Elementary)
650 0 $aCurriculum planning.
650 6 $aPensée$xÉtude et enseignement (Primaire)
650 6 $aPensée critique chez l'enfant$xÉtude et enseignement (Primaire)
650 7 $aCritical thinking in children$xStudy and teaching (Elementary)$2fast$0(OCoLC)fst00883712
650 7 $aCurriculum planning.$2fast$0(OCoLC)fst00885382
650 7 $aThought and thinking$xStudy and teaching (Elementary)$2fast$0(OCoLC)fst01150266
029 0 $aNZ1$b11676154
029 1 $aAU@$b000043057897
994 $aZ0$bIME
948 $hNO HOLDINGS IN IME - 5 OTHER HOLDINGS